Southville International School and Colleges
Your cart is empty.
  • Cart
  • Lists
    Public lists Eva Luna New books Lux_list list_1
    Your lists Log in to create your own lists
  • Log in to your account
  • Your cookies
  • Search history
Southville International School and Colleges
  • Advanced search
  • Recent comments
  • Most popular
  • Libraries

Log in to your account

Log in with GOOGLE


If you do not have an external account, but do have a local account, you can still log in:

  1. Home
  2. MARC view: Nurse to nurse :
Normal view MARC view ISBD view

Nurse to nurse : (Record no. 13885)

[ view plain ]
MARC details
000 -LEADER
fixed length control field 00667nam a22002177a 4500
003 - CONTROL NUMBER IDENTIFIER
control field OSt
005 - DATE AND TIME OF LATEST TRANSACTION
control field 20140310182509.0
008 - FIXED-LENGTH DATA ELEMENTS--GENERAL INFORMATION
fixed length control field 130807t xxu||||| |||| 00| 0 eng d
020 ## - INTERNATIONAL STANDARD BOOK NUMBER
International Standard Book Number 9780071592833 (pbk. : alk. paper)
020 ## - INTERNATIONAL STANDARD BOOK NUMBER
International Standard Book Number 0071592830 (pbk. : alk. paper)
050 ## - LIBRARY OF CONGRESS CALL NUMBER
Classification number RC 683.5
Item number .J455 2010
100 ## - MAIN ENTRY--PERSONAL NAME
Personal name Jenkins, Peggy
9 (RLIN) 8955
245 ## - TITLE STATEMENT
Title Nurse to nurse :
Remainder of title ECG interpretation /
Statement of responsibility, etc Peggy Jenkins
260 ## - PUBLICATION, DISTRIBUTION, ETC. (IMPRINT)
Place of publication, distribution, etc New York :
Name of publisher, distributor, etc McGraw-Hill Medical,
Date of publication, distribution, etc c2010.
300 ## - PHYSICAL DESCRIPTION
Extent xi, 321 p. :
Other physical details ill. ;
Dimensions 19 cm.
562 ## - COPY AND VERSION IDENTIFICATION NOTE
Number of copies 1
650 ## - SUBJECT ADDED ENTRY--TOPICAL TERM
Topical term or geographic name as entry element Electrocardiography
9 (RLIN) 8956
650 ## - SUBJECT ADDED ENTRY--TOPICAL TERM
Topical term or geographic name as entry element Heart
General subdivision Diseases
-- Nursing.
9 (RLIN) 8957
942 ## - ADDED ENTRY ELEMENTS (KOHA)
Source of classification or shelving scheme Library of Congress Classification
Koha item type
Call number prefix
Holdings
Withdrawn status Lost status Source of classification or shelving scheme Damaged status Home library Current library Shelving location Date acquired Total Checkouts Full call number Barcode Date last seen Copy number Price effective from Koha item type
    Library of Congress Classification   South SEED-LPDH College Library South SEED-LPDH College Library South SEED-LPDH College Section 08/07/2013   RC 683.5 .J455 2010 SSLC0292 05/15/2018 1 08/07/2013 Books

Nurse to nurse :

APA

Jenkins P., . (2010). Nurse to nurse. New York: McGraw-Hill Medical.

Chicago

Jenkins Peggy, . 2010. Nurse to nurse. New York: McGraw-Hill Medical.

Harvard

Jenkins P., . (2010). Nurse to nurse. New York: McGraw-Hill Medical.

MLA

Jenkins Peggy, . Nurse to nurse. New York: McGraw-Hill Medical. 2010.

  • Place hold
  • Print
  • Cite
  • Add to your cart (remove)
  • Save record
    BIBTEX Dublin Core MARCXML MARC (non-Unicode/MARC-8) MARC (Unicode/UTF-8) MARC (Unicode/UTF-8, Standard) MODS (XML) RIS
  • More searches
    Search for this title in:
    Other Libraries (WorldCat) Other Databases (Google Scholar) Online Stores (Bookfinder.com) Open Library (openlibrary.org)

Exporting to Dublin Core...

SOUTHVILLE LIBRARY

Southville International School and Colleges Library

1281 Tropical Ave. Cor. Luxembourg St., BF Homes International, Las Pinas City

Tel. No. 8256374 / 252358 Loc. 117/146

Powered by Koha